Welcome to CU Library Online Public Access Catalogue (OPAC)

Understanding people : (Record no. 3486)

MARC details
000 -LEADER
fixed length control field 00881pam a2200229 a 4500
001 - CONTROL NUMBER
control field 3840241
005 - DATE AND TIME OF LATEST TRANSACTION
control field 20250206152442.0
008 - FIXED-LENGTH DATA ELEMENTS--GENERAL INFORMATION
fixed length control field 870512s1987 miua b 001 0 eng
020 ## - INTERNATIONAL STANDARD BOOK NUMBER
International Standard Book Number 0310226007
050 00 - LIBRARY OF CONGRESS CALL NUMBER
Classification number BV4012.2
Item number .C68 1987
082 00 - DEWEY DECIMAL CLASSIFICATION NUMBER
Classification number 253.5
Edition information 19
100 1# - MAIN ENTRY--PERSONAL NAME
Personal name Crabb, Larry,
Dates associated with a name 1944-
245 10 - TITLE STATEMENT
Title Understanding people :
Remainder of title deep longings for relationship /
Statement of responsibility, etc. Lawrence J. Crabb, Jr.
260 ## - PUBLICATION, DISTRIBUTION, ETC.
Place of publication, distribution, etc. Grand Rapids, MI :
Name of publisher, distributor, etc. Ministry Resources Library,
Date of publication, distribution, etc. c1987.
300 ## - PHYSICAL DESCRIPTION
Extent 224 p. :
Other physical details ill. ;
Dimensions 23 cm.
500 ## - GENERAL NOTE
General note Includes index.
650 #0 - SUBJECT ADDED ENTRY--TOPICAL TERM
Topical term or geographic name entry element Pastoral counseling.
856 42 - ELECTRONIC LOCATION AND ACCESS
Materials specified Publisher description
Uniform Resource Identifier <a href="http://www.loc.gov/catdir/enhancements/fy0633/87014200-d.html">http://www.loc.gov/catdir/enhancements/fy0633/87014200-d.html</a>
856 41 - ELECTRONIC LOCATION AND ACCESS
Materials specified Table of contents only
Uniform Resource Identifier <a href="http://www.loc.gov/catdir/enhancements/fy0633/87014200-t.html">http://www.loc.gov/catdir/enhancements/fy0633/87014200-t.html</a>
856 41 - ELECTRONIC LOCATION AND ACCESS
Materials specified Sample text
Uniform Resource Identifier <a href="http://www.loc.gov/catdir/enhancements/fy0629/87014200-s.html">http://www.loc.gov/catdir/enhancements/fy0629/87014200-s.html</a>
942 ## - ADDED ENTRY ELEMENTS (KOHA)
Source of classification or shelving scheme Library of Congress Classification
Koha item type Books
Suppress in OPAC No
999 ## -
-- 3486
-- 3486
Holdings
Withdrawn status Lost status Source of classification or shelving scheme Damaged status Not for loan Collection Home library Current library Shelving location Date acquired Total checkouts Full call number Barcode Date last seen Copy number Price effective from Koha item type
    Library of Congress Classification     Non-fiction Graduate Library (Christ Temple) Graduate Library (Christ Temple) General stacks 02/06/2025   BV 4012.2 CRA GSCT00000456 02/06/2025 1 02/06/2025 Books
© 2023-2024 Copyright: Central University Libraries. All Rights Reserved | Created by: Mahone Tech Office